| 000 | 01134nam a22003017a 4500 | ||
|---|---|---|---|
| 005 | 20100917103042.0 | ||
| 007 | sd ammalaaahaa | ||
| 008 | 100917t xxu||||| |||| 00| 0 hin d | ||
| 028 |
_a3AEX. 5247 _bODEON |
||
| 035 | _aGR-03227 | ||
| 040 | _aSED/VEN | ||
| 100 | _91184 | ||
| 245 |
_aGeeta Dutt hits songs from films : _cby Geeta Dutt ; music by O. P. Nayyar ; lyric by Majrooh _h[sound recording] : _bHindustani / |
||
| 246 | _aगीता दत्त हिट्स सोंग्स फ्रॉम फिल्म | ||
| 260 |
_aDum Dum India _bODEON _c1969 |
||
| 300 |
_a1 sound disc [sound recording] : _banalog, 331/3 rpm _c12 in. (LP) _fGramophone Record |
||
| 500 | _aBrief Record | ||
| 500 | _aODEON | ||
| 500 | _aBlack | ||
| 500 | _aLong Playing | ||
| 505 | _aBabuji dheere chalna part 1 (Geeta Dutt) Jane kya tune kahi part 2 (Geeta Dutt) | ||
| 650 |
_aClassical Music _xExcerpts _zIndia _920437 _vFilmi Song |
||
| 700 |
_920438 _aNayyar, O. P. |
||
| 700 |
_920439 _aMajrooh |
||
| 700 | _920440 | ||
| 942 |
_2ddc _cGR |
||
| 999 |
_c46500 _d46500 |
||